000 00567nam a2200181Ia 4500
008 100920s9999 xx 000 0 und d
082 _b79396
_a24 न 01
100 _aकर्णिक मधुमंगेश.
245 _aमातीचा वास.
260 _bयशोदा प्रकाशन ,रत्नागिरी.
_c2001
300 _a178
_bसाधी
365 _b180
520 _aसायो.
630 _aमातीचा वास.
650 _aसायो.
730 _aमातीचा वास.
942 _cBOOK
999 _c711049
_d711046